书目信息 |
| 题名: |
高分子材料工程 上
|
|
| 作者: | ;杨鸣波 , 唐志玉 主编 ;中国机械工程学会 , 中国材料研究学会 , 中国材料工程大典编委会 编 | |
| 分册: | ||
| 出版信息: | 北京 化学工业出版社 2006.03 |
|
| 页数: | 13,1016页 | |
| 开本: | 30cm | |
| 丛书名: | 中国材料工程大典 | |
| 单 册: | ||
| 中图分类: | TB324 , TB324-62 | |
| 科图分类: | ||
| 主题词: | 工程材料--手册 , 高分子材料--手册 , 工程材料 , 高分子材料 , 非金属材料 | |
| 电子资源: | ||
| ISBN: | 7-5025-7308-9 | |
| 000 | 01370nam0 2200373 450 | |
| 001 | 003162665 | |
| 005 | 20060803153938.0 | |
| 010 | @a7-5025-7308-9@b精装@dCNY170.00 | |
| 100 | @a20060416d2006 em y0chiy0110 ea | |
| 101 | 0 | @achi |
| 102 | @aCN@b110000 | |
| 105 | @aa z 000yy | |
| 106 | @ar | |
| 200 | 1 | @a高分子材料工程 上@Agao fen zi cai liao gong cheng shang@f杨鸣波,唐志玉主编@g中国机械工程学会,中国材料研究学会,中国材料工程大典编委会[编] |
| 210 | @a北京@c化学工业出版社@d2006.03 | |
| 215 | @a13,1016页@c照片,图@d30cm | |
| 225 | 2 | @a中国材料工程大典@v6 |
| 330 | @a本书为《高分子材料工程》(上)。主要内容包括:塑料工程、有机纤维、橡胶工程、高分子胶黏剂、功能高分子和皮革材料等。 | |
| 410 | 0 | @12001 @a中国材料工程大典 |
| 606 | 0 | @a工程材料@j手册 |
| 606 | 0 | @a高分子材料@j手册 |
| 606 | 0 | @a工程材料 |
| 606 | 0 | @a高分子材料 |
| 606 | 0 | @a非金属材料 |
| 690 | @aTB324@v4 | |
| 690 | @aTB324-62@v4 | |
| 702 | 0 | @a杨鸣波@Ayang ming bo@f(1957.10~)@4主编 |
| 702 | 0 | @a唐志玉@Atang zhi yu@f(1936~)@4主编 |
| 712 | 02 | @a中国机械工程学会@9zhong guo ji xie gong cheng xue hui@4编 |
| 712 | 02 | @a中国材料研究学会@9zhong guo cai liao yan jiu xue hui@4编 |
| 712 | 02 | @a中国材料工程大典编委会@9zhong guo cai liao gong cheng da dian bian wei hui@4编 |
| 801 | 0 | @aCN@bJiuFeng@c20060804 |
| 905 | @aBZT@dTB324@e3-1@f5 | |
| 906 | @dCNY170.00@n0@r1 | |
| 高分子材料工程 上/杨鸣波,唐志玉主编/中国机械工程学会,中国材料研究学会,中国材料工程大典编委会[编].-北京:化学工业出版社,2006.03 |
| 13,1016页:照片,图;30cm.-(中国材料工程大典;6) |
| ISBN 7-5025-7308-9(精装):CNY170.00 |
| 本书为《高分子材料工程》(上)。主要内容包括:塑料工程、有机纤维、橡胶工程、高分子胶黏剂、功能高分子和皮革材料等。 |
| ● |
| 相关链接 |
|
|
|
正题名:高分子材料工程 上
索取号:TB324/3-1
 
预约/预借
| 序号 | 登录号 | 条形码 | 馆藏地/架位号 | 状态 | 备注 |
| 1 | 746335 | 2000746335 | 中心书库中库/ 中库041架B面3列4层4/ [索取号:TB324/3-1] | 在馆 | |
| 2 | 746336 | 2000746336 | 中心书库中库/ 中库027架B面9列1层2/ [索取号:TB324/3-1] | 在馆 | |
| 3 | 746337 | 2000746337 | 中心书库中库/ 中库027架B面9列4层12/ [索取号:TB324/3-1] | 在馆 | |
| 4 | 746338 | 2000746338 | 中心书库中库/ 中库027架B面8列5层12/ [索取号:TB324/3-1] | 在馆 | |
| 5 | 746339 | 2000746339 | 中心书库中库/ 中库027架B面8列5层11/ [索取号:TB324/3-1] | 在馆 |